Máquinas eléctricas

Guardado en:
Bibliografiske detaljer
Hovedforfatter: Sanjurjo Navarro, Rafael
Format: Bog
Sprog:Spanish
Udgivet: España : Mc Graw Hill 1989
Fag:
Tags: Tilføj Tag
Ingen Tags, Vær først til at tagge denne postø!

MARC

LEADER 00000nam a2200000Ia 4500
003 L000750
005 20221231143937.0
008 140114s1989 sp a 000 ||spa d
040 |c cru CEDI 
082 |a 621.313 S194m 
100 |a Sanjurjo Navarro, Rafael  |9 19546 
245 |a Máquinas eléctricas  
260 |a España : Mc Graw Hill  |c 1989 
300 |a x,387 páginas; ilustraciones  
650 |x MAQUINAS ELECTRICAS  |9 19547 
942 |2 ddc  |c BK 
999 |c 14580  |d 14580